000
00416nam a2200157Ia 4500
008
100122s9999 xx 000 0 und d
082
_b
19578
_a
823.08
100
_a
नरवणे सुधा
245
_a
दोलाचल
250
_a
1
260
_b
आनंद अनंत अंतरकर
_c
1973
300
_a
146
630
_a
दोलाचल
730
_a
दोलाचल
942
_c
BOOK
999
_c
408578
_d
408575